Manual de dynamic HTML / (Registro nro. 3224)

Detalles MARC
000 -CABECERA
Campo de control 01100cam a2200289 a 4500
005 - FECHA Y HORA DE LA ULTIMA TRANSACCION
Campo de control 20191224041702.0
008 - ELEMENTOS DE LONGITUD FIJA—INFORMACION GENERAL
Campo de control 990310s1998 sp a rf 00110 spa d
020 ## - ISBN
ISBN 8448114817
040 ## - FUENTE DE CATALOGACIÓN
Agencia catalogadora original la
Agencia transcriptora la
041 1# - IDIOMA
Código de idioma de la versión original y/o traducciones intermedias del texto Inglés
Código de idioma para texto/pista de sonido o título separado Español
044 ## - PAÍS DE PUBLICACIÓN
País de publicación España
082 04 - NUMERO DE CLASIFICACION DECIMAL DEWEY
Número de clasificación 005.754
Número del ítem P49d
100 1# - ASIENTO PRINCIPAL--NOMBRE PERSONAL
Nombre personal Petrovsky, Michele,
Fechas asociadas con el nombre 1949-
Término relacionado autor
9 (RLIN) 66934
245 10 - MENCION DE TITULO
Título Manual de dynamic HTML /
Mención de responsabilidad Michele Petrovsky ; traducción Jorge Rodríguez Vega, revisión técnica Antonio Vaquero Sánchez.
250 ## - MENCION DE EDICION
Mención de edición Primera edición
260 ## - PUBLICACION, DISTRIBUCION, ETC. (PIE DE IMPRENTA)
Lugar de publicación, distribución, etc. Madrid :
Nombre del editor, distribuidor, etc. McGraw Hill,
Fecha de publicación, distribución, etc. 1998.
300 ## - DESCRIPCION FISICA
Extensión xxiv, 365 páginas :
Otros detalles físicos ilustraciones ;
Dimensiones 24 x 17 centímetros
500 ## - NOTA GENERAL
Nota general Incluye índice.
534 ## - NOTA DE VERSION ORIGINAL
Frase introductoria T�itulo original.
Título del original Dynamic HTML in action.
650 16 - ASIENTO SECUNDARIO DE MATERIA - TERMINO TEMATICO
Término temático o nombre geográfico como elemento de entrada HTML (Lenguaje de procesamiento de texto)
Subdivisión de forma Manuales.
9 (RLIN) 66935
650 26 - ASIENTO SECUNDARIO DE MATERIA - TERMINO TEMATICO
Término temático o nombre geográfico como elemento de entrada Internet.
9 (RLIN) 14883
650 24 - ASIENTO SECUNDARIO DE MATERIA - TERMINO TEMATICO
Término temático o nombre geográfico como elemento de entrada DHTML (Lenguaje de procesamiento de texto)
9 (RLIN) 66924
650 26 - ASIENTO SECUNDARIO DE MATERIA - TERMINO TEMATICO
Término temático o nombre geográfico como elemento de entrada Diseño de páginas web.
9 (RLIN) 66925
650 26 - ASIENTO SECUNDARIO DE MATERIA - TERMINO TEMATICO
Término temático o nombre geográfico como elemento de entrada Worl Wide Web (Servicio de información sobre redes)
9 (RLIN) 66926
700 1# - ASIENTO SECUNDARIO - NOMBRE PERSONAL
Nombre personal Rodríguez Vega, Jorge
Término de relación traductor
9 (RLIN) 66927
942 ## - ELEMENTOS ADICIONALES (KOHA)
Sistema de clasificación Dewey Decimal Classification
Tipo de ítem Libro
Existencias
Withdrawn status Lost status Sistema de Clasificación Damaged status No para préstamo Colección Ubicación Permanente Ubicación actual Fecha de adquisición Total Checkouts Número topográfico Inventario / Código de Barras Date last seen Ejemplar Price effective from Forma de adquisición Tipo de material
    Dewey Decimal Classification     TIC Villa de Leyva Villa de Leyva 09/04/2003   LB-005.754 P49d 003486 04/12/2012 Ej. 1 04/12/2012 Donación Libro